SHE DID IT AGAIN - Tyla ft. Zara Larsson - Statistics

General Stats
  • This quiz has been taken 19 times
  • The average score is 508 of 638
Answer Stats
% Correct
a
100%
A
100%
I
100%
me,
100%
me
100%
you
100%
You
100%
you,
100%
did
95%
like
95%
oh,
95%
oh
95%
"She
95%
When
95%
when
95%
again"
89%
again
89%
do
89%
do?
89%
do,
89%
it
89%
know
89%
know,
89%
Know
89%
The
89%
the
89%
want
89%
(Want),
89%
want,
89%
(Want)
89%
And
84%
and
84%
can
84%
Deep
84%
deep
84%
deep,
84%
I'm
84%
of
84%
to
84%
your
84%
baby,
79%
Baby,
79%
can't
79%
down
79%
feel
79%
For
79%
for
79%
get
79%
head,
79%
head
79%
in
79%
is
79%
No
79%
no,
79%
no
79%
out
79%
all
74%
dangerous
74%
game
74%
got
74%
Got
74%
Not
74%
not
74%
play
74%
star,
74%
that
74%
this
74%
dark,
68%
don't
68%
Even
68%
it's
68%
on
68%
that's
68%
That's
68%
Uh
68%
you'll
68%
before
63%
between
63%
Keep
63%
keep
63%
met
63%
need
63%
Britney,
58%
close
58%
how
58%
Oops,
58%
safe
58%
safe,
58%
secrets
58%
We
58%
what
58%
with
58%
anyone
53%
are
53%
fall
53%
fly
53%
hard
53%
her
53%
lesson
53%
love,
53%
team,
53%
too
53%
way,
53%
you're
53%
addictive,
47%
blaming
47%
blessing,
47%
body
47%
child's
47%
FIFA
47%
his
47%
My
47%
one
47%
One
47%
one,
47%
Put
47%
fire,
42%
mean
42%
might
42%
playing
42%
quick
42%
should
42%
tell
42%
up
42%
doesn't
37%
find
37%
learn
37%
ruin
37%
save
37%
tease
37%
tryna
37%
where
37%
eyes
32%
here
32%
knees,
32%
lies
32%
mm
32%
propane,
32%
really
32%
sake,
32%
begging
26%
bottle,
26%
But
26%
fix,
26%
heartbreak,
26%
him
26%
ordinary
26%
scary
26%
sight
26%
spin
26%
telling
26%
ease
21%
fiend,
21%
have
21%
hit
21%
night
21%
replays,
21%
reups
21%
Sade
21%
sweet
21%
ain't
16%
chin
16%
part
16%
ways
16%
wheel
16%
block
11%
music,
11%
an't
5%
'Cause
5%
ups
5%
Youc
5%
No matching quizzes found
Score Distribution
Percent of People with Each Score
Percentile by Number Answered
Your Score History
You have not taken this quiz